نور العصر في جمع القراءات من طيبة النشر : (رقم التسجيلة. 138023)

تفاصيل مارك
000 -الفاتح
عناصر البيانات ثابتة الطول 00852cam a2200157 i 4500
005 - تاريخ ووقت آخر معاملة
حقل ضبط 20251123112516.0
008 - عناصر البيانات ثابتة الطول
عناصر البيانات ثابتة الطول 250721s2018 ua gr 000 0 ara d
082 14 - رقم تصنيف ديوي العشري
رقم التصنيف 211.34
رقم المادة ف ر ج
100 1# - مدخل رئيسي – اسم شخصي
الاسم الشخصي فرج، أبو يوسف علي بن عبد المنعم صالح
علاقة الشخص بالعمل/ دوره معد.
245 10 - بيان العنوان
العنوان نور العصر في جمع القراءات من طيبة النشر :
بقية العنوان طريقة مختصرة في جمع الفراءات العشر من طريق طيبة النشر على تحريرات الزيات /
بيان المسؤولية أعده أبو يوسف علي بن عبد المنعم صالح فرج ؛ مراجعة فضيلة الشيخ علي محمد توفيق النحاس [وستة آخرون].
264 31 - بيانات النشر، التوزيع…إلخ
مكان النشر، التوزيع...إلخ القاهرة :
اسم الناشر، الموزع...إلخ دار عمار،
تاريخ النشر، التوزيع...إلخ 2018.
300 ## - الوصف المادي
عدد الوحدات المكونة للوعاء 708 صفحة.
650 17 - مدخل إضافي بالموضوع - مصطلح موضوعي
مصطلح موضوعي أو اسم جغرافي كعنصر مدخل قراءة القران.
942 ## - بيانات إضافية (كوها)
نوع التنصيف Dewey Decimal Classification
نوع المادة (كوها) كتب
المقتنيات
حالة السحب حالة الفقدان مصدر التصنيف حالة التلف غير قابل للإعارة المكتبة الرئيسية المكتبة الحالية موقع الرف تاريخ التزويد الرقم المتسلسل Total Checkouts رقم الإستدعاء الباركود تاريخ آخر ظهور تاريخ الفاتورة نوع المادة (كوها)
    Dewey Decimal Classification     المكتبة المركزية المكتبة المركزية الإعارة 28/07/2025 1690336   211.34 / ف ر ج PLD00436219 28/07/2025 28/07/2025 كتب
    Dewey Decimal Classification     مكتبة أبو علندا العامة مكتبة أبو علندا العامة الإعارة 05/11/2018 1690337   211.34/فرج PLD00436968 28/07/2025 05/11/2018 كتب
    Dewey Decimal Classification     مكتبة الجويدة مكتبة الجويدة الإعارة 05/11/2018 1690338   211.34/فرج PLD00436969 28/07/2025 05/11/2018 كتب
    Dewey Decimal Classification     مكتبة صويلح العامة مكتبة صويلح العامة الإعارة 05/11/2018 1690340   211.34/فرج PLD00436971 28/07/2025 05/11/2018 كتب
Implemented & Customized by: BBB with SCIT (Smart Chains for Information Technology)

Powered by Koha